000 00692nam a2200169Ia 4500
008 090123s9999 xx 000 0 und d
082 _b33657
100 _aजायस्वाल जयनारायण
245 _aसर्दी सायनस दमा ब्रॉकाईटीस
250 _a1
260 _bगोपाल ग्रंथ गृह
600 _aजायस्वाल जयनारायण
630 _aसर्दी सायनस दमा ब्रॉकाईटीस
700 _aजायस्वाल जयनारायण
730 _aसर्दी सायनस दमा ब्रॉकाईटीस
942 _cBOOK
999 _c71716
_d71716